La materia orgánica en los agrosistemas /

Guardado en:
Autor Principal: Labrador Moreno, Juana
Formato: Libro
Publicado: Madrid : Mundi-prensa, 2001
Materias:
Etiquetas: Agregar Etiqueta
Sin Etiquetas, Sea el primero en etiquetar este registro!
LEADER 01289nam a22002295a 4500
001 CEM.cems017527
005 20110509084819.0
008 130507s2001##################000#0#####d
003 CEMS
020 |a 8484760456 
082 0 4 |a 631.4 
100 1 |a Labrador Moreno, Juana 
245 1 0 |a La materia orgánica en los agrosistemas /  |c Juana Labrador Moreno 
260 |a Madrid :  |b Mundi-prensa,  |c 2001 
300 |a 293 p. 
505 0 |a Origen y constituyentes de la materia orgánica -- Organismos edáficos. Los actores de la transformación de la materia orgánica -- Evolución de la materia orgánica: biodegradación, reorganización y estabilización -- Factores que influyen en la transformación de la materia orgánica en los suelos de cultivo -- La materia orgánica y su interés agronómico -- Gestión de la materia orgánica en los agrosistemas -- Obtención de sustratos orgánicos como medio para la revalorización de residuos orgánicos -- Resumen de la normativa legal vigente sobre productos fertilizantes y afines en relación a los productos orgánicos 
653 |a Suelo-materia orgánica 
653 |a Biodegradación 
653 |a Humus-tipos 
653 |a Fertilización 
653 |a Sustratos orgánicos 
859 |a CEMS  |b BIB. CEMS - Agricultura  |h 631.4  |i L113  |p A1337.11  |t Ej.1